000
00216nam a22000857a 4500
008
170613b xxu||||| |||| 00| 0 eng d
100
_9
3378
_a
Tripathu. S. B
245
_a
Lab Mathematics - X
260
_a
New Delhi
_b
ABC
_c
2009
999
_c
6721
_d
6721